| 000 | 01203nam a22003377a 4500 | ||
|---|---|---|---|
| 001 | BR8204091 | ||
| 003 | BR-BrBNA | ||
| 005 | 20230928091406.0 | ||
| 007 | ta | ||
| 008 | 230509b bl.||||| |||| 00| 0 por d | ||
| 040 |
_aBR-BrBNA _bpor _cBiblioteca Nacional de Agricultura |
||
| 041 | _a(Por) | ||
| 072 |
_aF00 _b0430 _b/G514 |
||
| 090 | _ 0430 BR8204091 | ||
| 100 | 1 | _aQueiroga, V. de P. | |
| 110 | 1 |
_aUniversidade Federal do Ceara, Fortaleza (Brasil). Centro de Ciencias Agrarias. Depto. de Fitotecnia _0Tese (Mestre em Agronomia) |
|
| 245 | 1 | _aInfluencia do numero de lojas nos caracteres de producao e tecnologia do algodao herbaceo (Gossypium hirsutum r. latifolium L.)[Paraiba, Pernambuco, Brasil] | |
| 260 | 3 |
_aFortaleza, CE (Brasil): _c1982. |
|
| 300 | _a45 p. | ||
| 500 | _aSummaries (Eng, Por); 15 tables; 32 ref. (*) Documento disponível na(o) Universidade Federal do Ceara, Fortaleza (Brazil) | ||
| 650 | _aALGODAO HERBACEO | ||
| 650 | _aCAPULHO | ||
| 650 | _aPLANTIO | ||
| 650 | _aCOMPETICAO DE VARIEDADE | ||
| 650 | _aSEMENTE | ||
| 650 | _aMELHORAMENTO VEGETAL | ||
| 650 | _aPARAIBA | ||
| 650 | _aPERNAMBUCO | ||
| 909 |
_a202309 _bLucia _c55 _dLucia Elande |
||
| 942 | _cBK | ||
| 999 |
_c33669 _d33669 |
||